Chemische Technologie Band 5: Organische Technologie I
Guardado en:
| Autor principal: | |
|---|---|
| Otros Autores: | |
| Formato: | Libro |
| Lenguaje: | alemán |
| Publicado: |
München
Carl Hanser
1981
|
| Edición: | 4. Auflage |
| Materias: | |
| Acceso en línea: | Ver en el OPAC |
| Etiquetas: |
Sin Etiquetas, Sea el primero en etiquetar este registro!
|
MARC
| LEADER | 00000nam a2200000 a 4500 | ||
|---|---|---|---|
| 005 | 20260127134024.0 | ||
| 008 | 090511 1981 gw 000 0 ger d | ||
| 020 | |a 3446131833 | ||
| 035 | |a vtls009511084 | ||
| 039 | 9 | |a 200905110920 |b mschk03 |y 200905110911 |z mschk03 | |
| 040 | |a STUSCHK1 |b slo |c STUSCHK1 |e AACR2 | ||
| 080 | |a 66 | ||
| 100 | 1 | |a Winnacker, Karl | |
| 245 | 1 | |a Chemische Technologie |n Band 5: Organische Technologie I |c Karl Winnacker, Leopold Küchler | |
| 250 | |a 4. Auflage | ||
| 260 | |a München |b Carl Hanser |c 1981 | ||
| 300 | |a xxiii, 762 s. |b il. |c 24,5 cm | ||
| 650 | 0 | |a chemický priemysel | |
| 650 | 0 | |a chemické inžinierstvo | |
| 700 | 1 | |a Küchler, Leopold | |
| 910 | |a SCHK95 | ||
| 919 | |a 3-446-13183-3 | ||
| 999 | |c 2268 |d 2268 | ||